Proč pláčeš? /

Hlavní autor: Stephan, Sabine
Jazyk: Čeština
Vydáno: Brno : MOBA, c2014
Vydání: 2. vyd.
Edice: Dětská sestra Angelika
Témata:
Fyzický popis: 50 s. ; 22 cm
Knihy
Uloženo v:
LEADER 01145nam a2200361 a 4500
001 nkc20142651986
003 CZ PrNK
005 20150205151519.0
007 ta
008 141223s2014 xr e 000 j cze
015 |a cnb002651986 
020 |a 978-80-243-6436-0  |q (brož.) :  |c Kč 39,00 
035 |a (OCoLC)904579803 
040 |a OLA001  |b cze 
041 1 |a cze  |h ger 
072 7 |a 821-31/-34  |x Milostná, dobrodružná, fantastická próza  |2 Konspekt  |9 25 
080 |a 821-322.5  |2 MRF 
080 |a (0:82-322.5)  |2 MRF 
100 1 |a Stephan, Sabine  |7 jn20010309603  |4 aut 
245 1 0 |a Proč pláčeš? /  |c Sabine Stephanová 
250 |a 2. vyd. 
260 |a Brno :  |b MOBA,  |c c2014 
300 |a 50 s. ;  |c 22 cm 
490 1 |a Dětská sestra Angelika ;  |v sv. 188 
500 |a Přeloženo z němčiny 
655 7 |a milostné povídky  |7 fd132834  |2 czenas 
655 9 |a love short stories  |2 eczenas 
830 0 |a Dětská sestra Angelika  |0 s 
910 2 |a BOA001  |b 2-1338.849 
990 |a BK 
995 |a 01 
991 |b 201501  |c NOV  |e b 
996 6 |b 2610619459  |c 2-1338.849  |l MZK  |r Sklad / do 1 hodiny  |n 1  |p p.v.  |w 001485668  |u 000010  |a 1  |e BOA001  |j MZK50  |s P